00865cam9a220021700 4500001001200000005001700012008004100029010001600070035002000086035002200106035002200128040000900150050001800159100005500177245016500232260004500397490004500442504004100487651011200528004000700640qce0085764620190826083947.0740307s1963 nyu 000 0 eng u a 35010016 a(Sirsi) r101988 a(QCAT)lss00540834 a(UPRA)qce00857646 dUPRA 0a D 273.A3 Dur1 aDurant, Will, 1885-dDurant, Will, 1885-6A59881.114aThe age of Louis XIV :ba history of European civilization in the period of Pascal, Moliere, Cromwell, Milton, Peter the Great, Newton, and Spinoza : 1648-1715. aNew York :bSimon and Schuster,c[c1963]0 aHis The Story of civilization. 86S492.1 aIncludes bibliographical references. 0aEurope -- History -- 1648-1789.xEurope -- History -- 1648-1789.yEurope -- History -- 1648-1789.6S29958.1101988